000 00286nam a22001217a 4500
999 _c11987
_d11987
020 _a039553755X
082 _a303.34
100 _aDianne Feinstein
245 _aWomen in Power the Secrets of leadership
260 _aNew York
_bMifflin Company
_c1992
300 _a315
942 _cBK